Países con 7 letras - Estadísticas

Estadísticas generales
  • Esta prueba ha sido intentada 979 veces
  • La puntuación promedio es 22 de 39
Estadísticas de respuestas
Hint Respuesta % Correcto
América del Sur Uruguay
80%
Europa Francia
78%
América del Sur Bolivia
77%
América del Sur Ecuador
76%
Europa Albania
75%
América del Sur Surinam
70%
Europa Andorra
69%
Europa Estonia
68%
Europa Bélgica
67%
África Argelia
66%
Europa Letonia
66%
Europa Croacia
64%
Europa Irlanda
64%
Europa Austria
61%
Europa Noruega
61%
Europa Polonia
61%
Europa Hungría
60%
Europa Rumania
59%
Europa Ucrania
59%
Oceanía Vanuatu
59%
América del Norte Jamaica
58%
América del Norte Bahamas
57%
América del Norte Granada
55%
África Nigeria
55%
Asia Armenia
51%
África Etiopía
51%
África Namibia
48%
África Senegal
48%
Asia Turquía
48%
Asia Vietnam
48%
África Camerún
47%
África Somalia
47%
África Burundi
44%
Asia Georgia
43%
África Liberia
43%
África Eritrea
41%
Asia Malasia
41%
Asia Camboya
37%
África Comoras
37%
No se encontraron pruebas coincidentes
Distribución de puntuación
Porcentaje de gente con cada puntuación
Porcentaje por número respondido
Historial de tus puntuaciones
No has intentado esta prueba.